00544nam a2200169u 4500001000700000003000400007005001700011008004100028040000800069082001800077100001900095245012500114260005800239300002400297650003200321700002100353783007OSt20190103184416.0740125c19671966nju 000 0 eng u cDLC a248.88bW119L1 aWade, Marion E14aThe Lord is my counsel :ba businessman's personal experiences with the Bible /cby Marion E. Wade with Glenn D. Kittler aEnglewood Cliffs, NJ :bPrentice-Hall,c[1967, c1966] aix, 178 p. ;c21 cm 0aBusinessmenxReligious life10aKittler, Glenn D